| 000 | 00608nam a2200241Ia 4500 | ||
|---|---|---|---|
| 003 | OSt | ||
| 005 | 20221005081344.0 | ||
| 006 | a|||||r|||| 00| 0 | ||
| 007 | ta | ||
| 008 | 221004b |||||||| |||| 00| 0 eng d | ||
| 024 | _a65598 | ||
| 037 | _cTextual | ||
| 040 |
_aCRL _cCRL _beng |
||
| 041 |
_2eng _aeng |
||
| 082 | _aV498.N9, N5 | ||
| 100 |
_aAnand Kumar Ed. _9611017 |
||
| 245 | 0 |
_aTibet _b A sourcebook |
|
| 260 |
_aNew Delhi _bRadiant _c1995 |
||
| 300 |
_a311p. _ccm. |
||
| 650 | _aHISTORY | ||
| 942 |
_hV498.N9, N5 _cTEXL _2cc |
||
| 999 |
_c987605 _d987605 |
||